| 000 | 00958 a2200253 4500 | ||
|---|---|---|---|
| 999 |
_c9183 _d9183 |
||
| 020 | _a9789211542066 | ||
| 020 | _a9211542065 | ||
| 050 | 0 | 0 | _aHQ1237 WOM 2014 |
| 100 |
_aOffice of The High Commissioner _eeditor |
||
| 245 | 0 | 0 |
_aWomen's rights are human rights / _cOffice of the High Commissioner, United Nations Human Rights. |
| 264 | 1 |
_aNew York ; _aGeneva : _bUnited Nations, _c2014. |
|
| 300 |
_aiv, 117 pages : _billustrations ; |
||
| 500 | _aAlso available online. | ||
| 500 | _a"HR/PUB/14/2"--Title page verso. | ||
| 500 | _a"United Nations publication sales no. E.14.XIV.5"--Title page verso. | ||
| 504 | _aIncludes bibliographical references. | ||
| 650 | 0 | _aWomen's rights. | |
| 650 | 0 | _aHuman rights. | |
| 650 | 0 | _aWomen (International law) | |
| 650 | 0 | _aSex discrimination against women. | |
| 710 | 2 | _aUnited Nations. | |
| 942 |
_2lcc _cBK _h1237 _iWOM _kHQ |
||